Nghìn xưa động giáp : Truyện thơ
Nội dung giới thiệu về đất thiêng ngày ấy, động chủ Giáp Thừa Phú, động chủ Thân Thừa Quí, châu mục Thân Thiệu Thái, người nay vọng về.
Сохранить в:
| Главный автор: | |
|---|---|
| Формат: | |
| Язык: | Undetermined |
| Опубликовано: |
Hà Nội
Hội Nhà văn
2019
|
| Предметы: | |
| Метки: |
Добавить метку
Нет меток, Требуется 1-ая метка записи!
|
| Thư viện lưu trữ: | Trung tâm Học liệu Trường Đại học Cần Thơ |
|---|
| LEADER | 00817nam a2200217Ia 4500 | ||
|---|---|---|---|
| 001 | CTU_236023 | ||
| 008 | 210402s9999 xx 000 0 und d | ||
| 082 | |a 398.209597 | ||
| 082 | |b Ph105 | ||
| 100 | |a Chu, Ngọc Phan | ||
| 245 | 0 | |a Nghìn xưa động giáp : | |
| 245 | 0 | |b Truyện thơ | |
| 245 | 0 | |c Chu Ngọc Phan | |
| 260 | |a Hà Nội | ||
| 260 | |b Hội Nhà văn | ||
| 260 | |c 2019 | ||
| 520 | |a Nội dung giới thiệu về đất thiêng ngày ấy, động chủ Giáp Thừa Phú, động chủ Thân Thừa Quí, châu mục Thân Thiệu Thái, người nay vọng về. | ||
| 650 | |a Folk literature,Văn học dân gian | ||
| 650 | |z Vietnam,Việt Nam | ||
| 910 | |b dqhieu | ||
| 980 | |a Trung tâm Học liệu Trường Đại học Cần Thơ | ||